<?xml version="1.0" encoding="UTF-8"?>
<marc:record xmlns:marc="http://www.loc.gov/MARC21/slim">
   <marc:leader>00000nam a2200000 a 4500</marc:leader>
   <marc:datafield ind1="1" ind2=" " tag="100">
      <marc:subfield code="a">Eigner, Christian</marc:subfield>
      <marc:subfield code="4">aut</marc:subfield>
      <marc:subfield code="e">Verfasser/-in</marc:subfield>
   </marc:datafield>
   <marc:datafield ind1=" " ind2=" " tag="653">
      <marc:subfield code="a">Haushalt</marc:subfield>
   </marc:datafield>
   <marc:datafield ind1="0" ind2="0" tag="245">
      <marc:subfield code="a">Haushalt nebenbei</marc:subfield>
   </marc:datafield>
   <marc:datafield ind1="0" ind2="0" tag="245">
      <marc:subfield code="b">500 saubere Expertentricks</marc:subfield>
   </marc:datafield>
   <marc:datafield ind1="0" ind2="0" tag="245">
      <marc:subfield code="c">Christian Eigner</marc:subfield>
   </marc:datafield>
   <marc:datafield ind1=" " ind2="1" tag="264">
      <marc:subfield code="a">Berlin</marc:subfield>
      <marc:subfield code="b">Stiftung Warentest</marc:subfield>
      <marc:subfield code="c">2014</marc:subfield>
   </marc:datafield>
   <marc:datafield ind1="1" ind2=" " tag="490">
      <marc:subfield code="a">Stiftung Warentest</marc:subfield>
   </marc:datafield>
   <marc:datafield ind1="1" ind2=" " tag="520">
      <marc:subfield code="a">Alles zum Thema Haushalt in einem Ratgeber von Stiftung Warentest: Das geballte Wissen der Test-Experten wurde leicht und locker aufbereitet. Lästige Arbeiten wie Putzen und Waschen gehen ab sofort schneller von der Hand. Dank der Experten-Tipps verlieren sogar Flecken, Schädlinge und Schimmel ihren Schrecken. Zeit sparen, Nerven sparen, Geld sparen und ganz nebenbei die Umwelt schonen. Wie das ohne großen Aufwand geht, verrät Ihnen dieses Buch. Mit kreativen Lösungen für die wichtigsten Haushaltsprobleme von Aufräumen bis Wäschewaschen.</marc:subfield>
   </marc:datafield>
   <marc:datafield ind1=" " ind2=" " tag="020">
      <marc:subfield code="a">9783868514032</marc:subfield>
      <marc:subfield code="9">9783868514032</marc:subfield>
   </marc:datafield>
   <marc:datafield ind1=" " ind2=" " tag="020">
      <marc:subfield code="a">3868514031</marc:subfield>
      <marc:subfield code="9">3868514031</marc:subfield>
   </marc:datafield>
   <marc:datafield ind1=" " ind2=" " tag="300">
      <marc:subfield code="a">215 S. : zahlr. Ill.</marc:subfield>
   </marc:datafield>
</marc:record>
